Statistiques concernant Français de nos régions - Carte Quiz #2

Cliquez ici pour prendre le quiz!

Statistiques générales

  • Ce quiz a été pris 214 fois
  • Le résultat moyen est 3 sur 14

Réponses sur la Carte

Les réponses sont colorées sur une échelle allant du rouge au vert en fonction du pourcentage des utilisateurs qui les ont devinées à leur premier essai. Vous pouvez retrouver ces pourcentages ci-dessous.
 

Statistiques - réponses

Réponse% Correct
Serpillère
80%
Wassingue
53%
Torchon
28%
Moppe/vadrouille
21%
Loque
20%
Bâche
19%
Toile
19%
Panosse
16%
Peille
16%
Since
16%
Frégone
12%
Emballage
10%
Patte
10%
Pièce
8%

Distribution des résultats

Percentile par nombre de réponses

% des personnes avec chaque résultat

Votre développement - résultats

Vous n’avez pas pris ce quiz